| 000 | 00498nam a2200157 4500 | ||
|---|---|---|---|
| 008 | 151203b xxu||||| |||| 00| 0 eng d | ||
| 020 | _a9789712367281 | ||
| 082 |
_22014 _aDFil 920 _bP97r |
||
| 100 |
_91056 _aPurino, Anacoreta P. |
||
| 245 |
_aRizal: _bThe Greatest Filipino Hero/ _cAnacoreta P. Purino |
||
| 260 |
_aPhilippines: _bRex Book Store, Inc., _cc2014. |
||
| 300 |
_ax, 196 pages: _bIllustration; _c22cm |
||
| 500 | _aIncludes References and Index | ||
| 365 |
_b628.00 _cPhp |
||
| 942 |
_2ddc _cDFIL |
||
| 999 |
_c423 _d423 |
||